| 000 | 00589nam a22001937a 4500 | ||
|---|---|---|---|
| 003 | OSt | ||
| 005 | 20150415020008.0 | ||
| 008 | 140522b xxu||||| |||| 00| 0 eng d | ||
| 040 |
_aDLC _bDLC _cDLC _dDLC |
||
| 050 |
_aTK 7868 _b.D5D84 2012 |
||
| 100 |
_aDuek, Robert K. _927004 |
||
| 245 |
_aDigital electronics _cRobert K. Duek and Kenneth J. Reid |
||
| 260 |
_aClifton Part, New York _bDelmar, Cengage Learning _cc2012 |
||
| 300 |
_axiii, 450p. _bill. _c29cm |
||
| 504 | _aIncludes index | ||
| 650 |
_aDigital electronics _927005 |
||
| 700 |
_aReid, Kenneth J. _927006 |
||
| 942 |
_2lcc _cBK _04 |
||
| 999 |
_c59083 _d59057 |
||